• 首页
  • 本馆介绍
  • 公告通知
  • 最新文献
  • 馆藏检索
  • 电子资源
  • 读者导购
  • 参考咨询
  • 我的图书馆
  • 登录
  • 详细信息显示
  • 放入我的书架
  • 预约/预借图书
  • 作者相关作品
  • 分类相关作品
  • 丛书相关作品
  • 出版社相关作品

书目信息

  • 表格格式
  • 工作单格式
  • 卡片格式
题名:
宏观世界、巨大世界和微观世界的空间和时间
    
 
作者: 莫斯杰巴宁柯 著 ;王鹏令 , 陈道馥 译
分册:  
出版信息: 北京   中国社会科学出版社  1985
页数: 154页
开本: 19cm
丛书名:
单 册:
中图分类: B021.3
科图分类:
主题词: 辩证唯物主义--时空观
电子资源:
ISBN:
000 00840nam0 2200253 45
001 0185000547
005 20060428092129.31
010    @dCNY0.78
091    @a2190.113
100    @a19900921d1985 emky0chiy0121 ea
101 1  @achi@crus
102    @aCN@b110000
105    @ay z 000yy
200 10 @a宏观世界、巨大世界和微观世界的空间和时间@Ahong guan shi jie 、 ju da shi jie he wei guan shi jie de kong jian he shi jian@f(苏)А·М·莫斯杰巴宁柯著@F(Su)А·М·Mo Si Jie Ba Ning Ke Zhu@g王鹏令,陈道馥译
210    @a北京@c中国社会科学出版社@d1985
215    @a154页@d19cm
606    @a辩证唯物主义@x时空观
690    @aB021.3@v3
701  0 @a莫斯杰巴宁柯@4著
702  0 @a王鹏令@Awang peng ling@4译
702  0 @a陈道馥@Achen dao fu@4译
801  0 @aCN@b深圳图书馆@c20060428
801  2 @aCN@bNLC@c20060410
905    @dB021.3@e30
    
    宏观世界、巨大世界和微观世界的空间和时间/(苏)А·М·莫斯杰巴宁柯著/王鹏令,陈道馥译.-北京:中国社会科学出版社,1985
    154页;19cm
    
    
    ISBN :CNY0.78
    
●
相关链接 在E读中查询图书 在五车中查询图书 在当当中查询图书 在豆瓣中查询图书


正题名:宏观世界、巨大世界和微观世界的空间和时间     索取号:B021.3/30         预约/预借

序号 登录号 条形码 馆藏地/架位号 状态 备注
1 0142870   001843161   密集书库/ [索取号:B021.3/30] 在馆    
2 0142871   202299306   密集书库/ [索取号:B021.3/30] 在馆    
3 0142872   001658263   密集书库/ [索取号:B021.3/30] 在馆    
4 0142873   001843170   密集书库/ [索取号:B021.3/30] 在馆    
5 0142874   001843072   密集书库/ [索取号:B021.3/30] 在馆    
6 0142875   001114644   密集书库/ [索取号:B021.3/30] 在馆    
7 0142876   001843223   密集书库/ [索取号:B021.3/30] 在馆    
8 0142877   001843198   密集书库/ [索取号:B021.3/30] 在馆    
9 0142878   202231600   密集书库/ [索取号:B021.3/30] 在馆    
10 0142879   001114653   第一样本阅览室/ [索取号:B021.3/30] 在馆    
唐山师范学院图书馆 欢迎您!
大连网信软件有限公司© 版权所有